| 000 | 01029nam a22002177a 4500 | ||
|---|---|---|---|
| 999 |
_c58563 _d58563 |
||
| 003 | Ge_BSU | ||
| 005 | 20220603123154.0 | ||
| 008 | 220603s2021 ge ||||| |||| 00| 0 geo d | ||
| 020 | _a9789941829666 | ||
| 041 |
_ageo _heng |
||
| 080 | _a159.964.2 ფ-94 | ||
| 100 |
_aფროიდი, ზიგმუნდ _911892 |
||
| 245 |
_aსიამოვნების პრინციპს მიღმა ; ეგო და ID / _cზიგმუნდ ფროიდი ; მთარგმნელი დიმიტრი უჩანეიშვილი. |
||
| 264 |
_aთბილისი : _bაქტი, _c2021. |
||
| 300 |
_a152 გვ. ; _b20 სმ. |
||
| 653 | _aფსიქოანალიზი. | ||
| 653 | _aცნობიერება და არაცნობიერი. | ||
| 700 |
_aუჩანეიშვილი, დიმიტრი _eმთარგმნელი _913895 |
||
| 700 |
_aცაცუა, გიზო _eგამომცემელი _913970 |
||
| 942 |
_2udc _cBK |
||